Normal view
MARC view
- Social science. Theory and practice of education
Entry Topical Term
001 - CONTROL NUMBER
- control field: 86323
003 - CONTROL NUMBER IDENTIFIER
- control field: OSt
005 - DATE AND TIME OF LATEST TRANSACTION
- control field: 20250521094945.0
008 - FIXED-LENGTH DATA ELEMENTS
- fixed length control field: 250521|| aca||aabn | a|a d
040 ## - CATALOGING SOURCE
- Original cataloging agency: OSt
- Transcribing agency: OSt
150 ## - HEADING--TOPICAL TERM
- Topical term or geographic name as entry element: Social science. Theory and practice of education
670 ## - SOURCE DATA FOUND
- Source citation: Work cat.: (OSt)48938: Middlewood, David. 86315, Practitioner research in Education: